000 00851cam a22002411i 4500
003 SA-RiAUC
005 20251029084455.0
008 251025s1994 le g 000 0 ara c
040 _aSA-MuMU
_bara
_cSA-RiAUC
_erda
082 0 4 _a252.5
090 _a252.5
_b ح ج ا
100 1 _aالحجار، محمد محمود،
_d1340-1428 هجري
_eمؤلف.
245 1 0 _aعلموني يا قوم كيف أحج /
_cتأليف محمد الحجار.
250 _aالطبعة الثانية.
264 1 _aبيروت :
_bدار ابن حزم،
_c1994
300 _a187 صفحة؛
_c16 سم.
336 _aنص
_btxt
_2rdacontent
_3كتاب
337 _aبدون وسيط
_bn
_2rdamedia
338 _aمجلد
_bnc
_2rdacarrier
650 7 _aالحج (فقه إسلامي)
_2aucsh
942 _2ddc
_cBOOK
_n0
949 _aSA-JeALM
_d251025
_umohamedma123
_n1
999 _c12761
_d12761